Liedtext-Disneys Gummibärenbande - Statistiken

Allgemein
  • Dieses Quiz wurde 289 mal gespielt
  • Das Durchschnittsergebnis liegt bei 76 aus 104
Antwortstatistiken
Antwort % Korrekt
Gummibären
98%
sind
97%
und
97%
da
96%
die
96%
das
94%
hier
94%
überall
93%
dort
92%
sie
92%
Hüpfen
91%
du
88%
brauchst
86%
wenn
86%
für
83%
dich
81%
tapfer
77%
zu
75%
so
74%
Haus
72%
Mutig
68%
freundlich
67%
ihr
67%
in
67%
im
64%
auch
62%
Ihren
62%
Bäumen
61%
Höhlen
61%
gläubig
59%
Wald
59%
unter
58%
der
54%
kämpfen
54%
leben
54%
Steinen
53%
fröhlich
51%
Kraft
51%
Saft
50%
Abenteuer
49%
lacht
47%
mit
42%
frech
41%
bringt
40%
erleben
36%
noch
36%
viel
35%
einfach
34%
mehr
34%
doch
33%
Kommt
33%
Geheimnis
32%
her
32%
singt
32%
Gemeinsam
31%
ihrem
31%
könnt
31%
euch
29%
von
29%
verzaubern
28%
lasst
27%
Keine übereinstimmenden Quizze gefunden
Verteilung der Resultate
Anzahl Personen mit jedem Resultat
Perzentil nach korrekt beantworteten Fragen
Ihre Resultats-Entwicklung
Sie haben dieses Quiz noch nicht gespielt